000 nam a22 7a 4500
999 _c7423
_d7423
008 170830b xxu||||| |||| 00| 0 eng d
020 _a9789350580585
100 _aVerma Arnindra Kumar
_93948
245 _aPolitical Science
260 _aNew Delhi
_bGlobal Publication
_c2017